000 00624nam a22001937a 4500
010 _aENG-120683
020 _c550.00
_a9788181931153
035 _aEN-104215
037 _bDBAD/PUB
082 _a371.40954
100 _aPatel, Vikram
245 _aA school counsellor casebook /
_cby Vikram Patel, Lisa Aronson [and] Gauri Divan
260 _aDelhi
_bByword Books
_c2013
270 _aGF-15, Virat Bhavan, Mukherjee Nagar, Commerical Complex,
_bDelhi
_e110009
300 _axix, 425p. :
_b22cm(pbk).
_cill.
700 _aAronson, Lisa
700 _aDivan, Gauri
942 _2ddc
_cEN
_h371.40954
_mVIK
999 _c144680
_d144680